Riconosci il Pokémon - Quiz n°395 - Statistics

Statistiche generali
  • Questo quiz è stato fatto 0 volte
  • Il punteggio medio è 0 su 10
Statistiche sulle risposte
Indizio Risposta % Corretto
Altezza 0,3 m
0%
Tasso di cattura 100 (21.7%)
0%
Sesso 50% ♂, 50% ♀
0%
Peso 8,0 kg
0%
Tipo Drago / Acqua
0%
Tasso di allevamento Medio-Lento
0%
Generazione Nona
0%
Stadio evoluzione Non si evolve
0%
Pokémon Tatsugiri
0%
Abilità Torre di Comando; Acquascolo
0%
Nessun quiz corrispondente trovato
Distribuzione punteggi
Percentuale di utenti per punteggio
Percentile per numero di risposta
I tuoi punteggi nel tempo
Non hai fatto questo quiz